000 01191nam a22003017a 4500
001 00260
003 DO-SdBPM
005 20250402095626.0
007 ta
008 151106b19uu sp |||| 00| 0 spa d
020 _a8430577327
040 _aDO-SdBPM
_bspa
_cBPMSU
082 4 _a863.6
_bS486c
_222
092 _axxxx
_bxxxx
100 1 _aSerna, Ana
245 1 0 _aCuentos y recetas de la abuela /
_c textos Ana Serna ; ilustraciones, Margarita Menéndez
260 _aMadrid :
_bSusaeta,
_c199-?]
300 _a129 p. :
_b il. ;
_c28 cm
505 0 _tDedicatoria -- Album familiar -- La granja de los abuelos Lucía y Paco -- En la cocina con la abuela Lucía -- Mi abuelo Paco es un manitas -- En la feria con los abuelos Ana y Jorge -- De compras con la abuela Ana -- A merendar -- La siesta del abuelo Jorge -- Qué fiesta tan divertida.
590 _aInventariado, 2025/VM
650 4 _aCuentos infantiles españoles
650 4 _aAbuelos
_vCuentos infantiles
650 4 _aCocina
_vCuentos infantiles.
650 4 _aLibros ilustrados para niños.
700 1 _aMenéndez, Margarita,
_cilustraciones
910 _aVMateo V. Control de calidad. BPMSU
942 _2ddc
_cBK
999 _c8601
_d8601